Normal view
MARC view
- Kingsley, Sidney,
Entry Personal Name
001 - CONTROL NUMBER
- control field: 153687
003 - CONTROL NUMBER IDENTIFIER
- control field: DLC
005 - DATE AND TIME OF LATEST TRANSACTION
- control field: 20260415160145.0
008 - FIXED-LENGTH DATA ELEMENTS
- fixed length control field: 861009n| azannaabn |a aaa c
010 ## - LIBRARY OF CONGRESS CONTROL NUMBER
- LC control number: n 85199221
035 ## - SYSTEM CONTROL NUMBER
- System control number: (OCoLC)oca01711057
040 ## - CATALOGING SOURCE
- Original cataloging agency: CLU
- Language of cataloging: eng
- Transcribing agency: DLC
- Modifying agency: CLU
- Modifying agency: DLC
- Modifying agency: GU
- Modifying agency: DLC
- Modifying agency: OCoLC
- Modifying agency: NhD
- Modifying agency: WaU
- Modifying agency: OU
- Description conventions: rda
- Modifying agency: DLC
046 ## - SPECIAL CODED DATES
- Birth date: 1906-10-22
- Death date: 1995-03-20
- Source of date scheme: edtf
053 #0 - LC CLASSIFICATION NUMBER
- Classification number element--single number or beginning number of span: PS3521.I55
100 1# - HEADING--PERSONAL NAME
- Personal name: Kingsley, Sidney,
- Dates associated with a name: 1906-1995
372 ## - FIELD OF ACTIVITY
- Field of activity: Playwriting
- Source of term: lcsh
374 ## - OCCUPATION
- Occupation: Dramatists
- Source of term: lcsh
377 ## - ASSOCIATED LANGUAGE
- Language code: eng
400 1# - SEE FROM TRACING--PERSONAL NAME
- Personal name: Kirshner, Sidney,
- Dates associated with a name: 1906-1995
400 1# - SEE FROM TRACING--PERSONAL NAME
- Personal name: Kingsleĭ, Sidneĭ,
- Dates associated with a name: 1906-1995
670 ## - SOURCE DATA FOUND
- Source citation: Hallmark hall of fame. The patriots [MP] 1963-11-15:
- Information found: credits (Sidney Kingsley)
670 ## - SOURCE DATA FOUND
- Source citation: Sidney Kingsley, 1995:
- Information found: CIP t.p. (Sidney Kingsley) data sheet (Sidney S. Kingsley)
670 ## - SOURCE DATA FOUND
- Source citation: His Li︠u︡di v belykh khalatakh, 1938:
- Information found: t.p. (Sidneĭ Kingsleĭ)
670 ## - SOURCE DATA FOUND
- Source citation: Kingsley, S. Sidney Kingsley, c1995:
- Information found: t.p. (Sidney Kingsley) p. v (d. 03-20-95)
670 ## - SOURCE DATA FOUND
- Source citation: Columbia encyclopedia of modern drama, 2007
- Information found: p. 766 (Sidney Kingsley born Sidney Kirshner in NYC, Oct. 22, 1906)



